Guess The Brand! #22 - Statistics

General Stats
  • This quiz has been taken 31 times
    12 since last reset
  • The average score is 28 of 70
Answer Stats
Picture Answer % Correct
Wall-E
73%
App Store
64%
Google Play
64%
H&M
64%
Michigan
64%
MLS
64%
PETA
64%
STP
64%
Top Gear
64%
UNO
64%
Zara
64%
Anonymous
55%
Bundesliga
55%
Tabasco
55%
WNBA
55%
Amazon Kindle
45%
Ask
45%
BTCC
45%
Mammut
45%
Petrocanada
45%
Pontiac
45%
Tripadvisor
45%
Us Bank
45%
Yonex
45%
Airwalk
36%
AVG
36%
Breitling
36%
Citizen
36%
Dakar
36%
E3
36%
Eset
36%
Fashion TV
36%
Github
36%
Gulf
36%
Hitachi
36%
Jquery
36%
Kettler
36%
Kookaburra
36%
Liveleak
36%
Lowepro
36%
Maersk
36%
Nautica
36%
Santander
36%
Saturn
36%
Spannair
36%
State Farm
36%
Toy Machine
36%
Winzip
36%
Airness
27%
Avast
27%
Bank Of China
27%
China Southern
27%
Clinique
27%
Coreldraw
27%
Endomondo
27%
Infranview
27%
Kaspersky
27%
Kickstarter
27%
MediaMarkt
27%
Orient
27%
Santana
27%
Skydrive
27%
Ssangyong
27%
Stella Artois
27%
The Big Bang Theory
27%
The Last Of Us
27%
Tony & Guy
27%
Warner Music
27%
Winamp
27%
Winrar
27%
No matching quizzes found
Score Distribution
Percent of People with Each Score
Percentile by Number Answered
Your Score History
You have not taken this quiz since the last reset